[Event "Lovfalds EMT 16th Basis 1"]
[Site "Ringsted"]
[Date "2002.09.15"]
[Round "5"]
[White "Nilsson, Jonas Gosta"]
[Black "Mortensen, Niels"]
[Result "1/2-1/2"]
[WhiteElo "1667"]
[BlackElo "1525"]
[PlyCount "25"]
[EventDate "2002.09.13"]
[EventType "tourn"]
[EventRounds "5"]
[EventCountry "DEN"]
[SourceTitle "EXT 2023"]
[Source "ChessBase"]
[SourceDate "2022.10.05"]
[SourceVersion "1"]
[SourceVersionDate "2022.10.05"]
[SourceQuality "1"]

1. b4 e5 2. Bb2 d6 3. c4 f5 4. e3 Nf6 5. Be2 Be7 6. Nf3 0-0 7. d3 Qe8 8. Nbd2 Nc6 9. a3 a5 10. b5 Nd8 11. a4 b6 12. Qb3 Kh8 13. Rc1 1/2-1/2